[Event "12th KIIT International 2019"]
[Site "Odisha"]
[Date "2019.06.03"]
[Round "5.10"]
[White "Nayak Rajesh"]
[Black "Ter-Sahakyan, Samvel"]
[Result "1/2-1/2"]
[WhiteElo "2175"]
[BlackElo "2611"]
[Annotator "TA"]
[PlyCount "182"]
[EventDate "2019.05.31"]
[EventType "swiss"]
[EventCountry "IND"]
[SourceTitle "playchess.com"]
[Source "ChessBase"]
[SourceQuality "1"]

{[%evp 24,181,-40,-60,-41,-83,-73,-77,0,-4,-2,-4,-1,-15,-15,-8,-8,-8,-12,-43,-43,-57,-55,-53,-51,-53,-54,-64,-60,-68,-77,-98,-65,-61,-59,-64,-61,-113,-113,-127,-127,-112,-104,-107,-104,-100,-97,-116,-43,-65,-33,-39,-29,-38,-14,-14,-7,-7,-2,-51,-8,-14,0,0,0,0,0,0,0,0,0,0,0,0,0,0,0,0,0,0,0,0,0,-1,-1,-1,-1,-1,-1,-1,-1,-1,-1,-8,-1,-1,-1,-1,-1,-1,-1,-8,-1,-1,-1,-1,-1,-1,-1,-8,0,-2,0,0,0,0,-8,-17,0,0,0,0,0,0,0,0,0,0,0,0,0,0,0,0,0,0,0,0,0,0,0,0,0,0,0,0,0,0,0,0,0,0,0,0,0,0,0,0,0,0]} 1. e4 e5 2. Nf3 Nc6 3. d4 exd4 4. Bc4 Bc5 5. c3 Nf6 6. cxd4 Bb4+ 7. Nc3 Nxe4 8. O-O Bxc3 9. d5 Ne5 10. bxc3 Nxc4 11. Qd4 O-O 12. Qxe4 Nd6 13. Qd3 b6 {C54: Giuoco Piano: 4 c3 Nf6, main lines with 5 d4 and 5 d3} (13... Qf6 14. Re1 b6 15. Bg5 Qf5 16. Qxf5 Nxf5 17. g4 f6 18. Bf4 Nd6 19. Bxd6 cxd6 20. Nd4 Bb7 21. Nf5 {½-½ (37) Gashimov,V (2740)-Dominguez Perez,L (2713) Nice 2010}) 14. Bf4 Qf6 15. Ng5 $146 {[%csl Gg5][%cal Rd3h7]} ({Predecessor:} 15. Bg3 Re8 16. Rfe1 Bb7 17. h4 Qf5 18. Qxf5 Nxf5 19. Bxc7 Bxd5 20. Nd4 Rxe1+ 21. Rxe1 Nxd4 22. cxd4 Bxa2 {0-1 (31) Aguirre Contreras,C (2272)-Henriquez Villagra,C (2501) Santiago de Chile 2018}) 15... Nf5 (15... Qf5 $17 16. Qxf5 Nxf5) 16. Ne4 $1 $11 {[%cal Re4f6]} Qg6 17. Bxc7 d6 18. Nxd6 Nxd6 19. Qxg6 hxg6 20. Bxd6 Rd8 21. Be7 Rxd5 22. c4 Rd7 23. Ba3 $1 Rd3 24. Be7 Be6 $36 {[%mdl 2048] Black has some pressure.} 25. Rfc1 Re8 26. Bg5 Rc8 27. c5 Rxc5 28. Rxc5 bxc5 $17 {[%mdl 4096] Endgame KRB-KRB} 29. Be3 c4 {[%cal Bc5c4,Bc4c3,Bc3c2][%mdl 32]} 30. Bxa7 (30. Kf1 $15) 30... c3 {White must now prevent ...c2.} 31. Kf1 c2 32. Ke1 {[#]} Bxa2 $1 {[%mdl 512]} 33. Be3 (33. Rxa2 c1=Q+) 33... Bc4 34. Bd2 Rd7 35. Ra3 f6 (35... f5 $17 {...f4! is the strong threat.} 36. Rc3 Bb5) 36. h4 Kf7 37. Rc3 $1 {[%cal Rc3c4]} Bd3 38. Be3 Ke6 39. f3 Rd5 40. Kf2 Kf7 41. g4 g5 42. hxg5 {The position is equal.} fxg5 43. Rc7+ Kg8 44. Rc3 Bg6 45. Rc8+ Kh7 46. Rc7 Rb5 47. Rc3 Re5 (47... Kh6 {looks sharper.} 48. Ke2 Rd5 49. Rc6 Rb5 50. Rc3) 48. Rc7 Rd5 49. Rc3 Bd3 50. Rc7 Kg6 51. Rc6+ Kf7 52. Rc7+ Kf6 53. Rc6+ Ke7 54. Rc7+ Kd6 55. Rc3 Kd7 56. Kg3 Bg6 57. Kf2 Rb5 58. Kg3 Ra5 59. Kf2 Re5 60. Rc4 Rb5 61. Rc3 Kd6 62. Rc8 Bh7 63. Rc3 Kd7 64. Rc4 Rd5 65. Rc3 Kd6 66. Rc4 Rd1 67. Rc3 Bd3 68. Bxg5 Kd5 69. Be3 Rf1+ 70. Kg3 Be2 71. Rc5+ Kd6 72. Rxc2 Rxf3+ 73. Kg2 Rxe3 $11 {KRB-KR} 74. Kf2 Bd3 {[#]} 75. Rd2 $1 {[%mdl 512]} Rh3 {Threatens to win with ...Rh2+.} 76. Kg2 Re3 77. Kf2 {[#]} Re2+ $1 {[%mdl 512]} 78. Rxe2 Bxe2 79. Kxe2 {KP-KP} Ke5 80. Ke3 g5 81. Kf3 Kd4 82. Kf2 Ke4 83. Kg3 Ke3 84. Kg2 Kf4 85. Kf2 Kxg4 {KP-K} 86. Kg2 Kf4 87. Kf2 g4 88. Kg2 g3 89. Kg1 Kf3 {( -> ...g2)} (89... Ke3 $5) 90. Kf1 g2+ 91. Kg1 Kg3 {Accuracy: White = 74%, Black = 62%.} 1/2-1/2

[Event "12th KIIT International 2019"]
[Site "Odisha"]
[Date "2019.06.03"]
[Round "5.11"]
[White "Matta, Vinay Kumar"]
[Black "Petrosyan, Manuel"]
[Result "*"]
[WhiteElo "2181"]
[BlackElo "2573"]
[Annotator "TA"]
[PlyCount "84"]
[EventDate "2019.05.31"]
[EventType "swiss"]
[EventCountry "IND"]
[SourceTitle "playchess.com"]
[Source "ChessBase"]
[SourceQuality "1"]

{[%evp 18,84,14,20,12,0,0,0,0,5,9,14,13,12,26,31,16,0,0,4,8,-9,0,-3,0,-23,0,-9,0,-6,0,-20,-20,-18,0,0,0,-25,-16,-31,-33,-61,-23,-23,-23,-27,-8,-23,-8,-8,-16,-30,-23,-23,-23,-23,-23,-23,-23,-37,-22,-35,-19,-17,-19,-13,-5,-40,-35]} 1. e4 c6 2. d4 d5 3. Nc3 dxe4 4. Nxe4 Bf5 5. Ng3 Bg6 6. h4 h6 7. Nf3 e6 8. Ne5 Bh7 9. Bd3 Bxd3 10. Qxd3 Nd7 {B19: Classical Caro-Kann: 4...Bf5 main line} 11. Nxd7 (11. Bf4 {with more complications.} Qa5+ 12. c3 Nxe5 13. Bxe5 Nf6 14. Ne4) 11... Qxd7 12. Bf4 Nf6 {The position is equal.} 13. O-O-O Be7 14. Kb1 O-O 15. Ne4 $146 ({Predecessor:} 15. Ne2 Rad8 16. Bc1 c5 17. g4 c4 18. Qxc4 Nxg4 {0-1 (37) Al Hageri,B (2238)-Prohaszka,P (2602) Abu Dhabi 2015}) 15... Nxe4 (15... Rad8 {seems wilder.} 16. f3 Nd5 17. Be5 f6 18. Bh2 b5) 16. Qxe4 Qd5 17. Qxd5 cxd5 18. h5 b5 19. Rhe1 b4 20. Re2 a5 21. Rd3 Rfc8 22. Bd2 Rc4 23. f4 Rac8 24. Be1 Bd6 25. b3 R4c6 26. Rf3 Be7 27. Rd3 f5 28. g3 Kf7 29. Rh2 g6 30. hxg6+ Kxg6 31. Kb2 Ra6 32. Re2 Kf7 33. Rh2 Bf8 34. Kb1 a4 35. Rd1 Rac6 36. Kb2 Ra8 37. Kb1 Kg6 38. Rd3 Be7 39. Re2 h5 40. Rde3 Kf7 41. Rh2 axb3 42. Rxb3 Rc4 {Accuracy: White = 48%, Black = 39%.} *

[Event "12th KIIT International 2019"]
[Site "Odisha"]
[Date "2019.06.03"]
[Round "5.12"]
[White "Debashis, Das"]
[Black "Panda Sambit"]
[Result "1-0"]
[WhiteElo "2544"]
[BlackElo "2211"]
[Annotator "ChessBase"]
[PlyCount "75"]
[EventDate "2019.05.31"]
[EventType "swiss"]
[EventCountry "IND"]
[SourceTitle "playchess.com"]
[Source "ChessBase"]
[SourceQuality "1"]
[TimeControl "5400+30"]

1. c4 {[%emt 0:00:00]} e6 {[%emt 0:00:00]} 2. Nc3 {[%emt 0:00:00]} d5 {[%emt 0:00:00]} 3. d4 {[%emt 0:00:04]} Nf6 {[%emt 0:00:00]} 4. cxd5 {[%emt 0:00:05]} exd5 {[%emt 0:00:00]} 5. Bg5 {[%emt 0:00:04]} c6 {[%emt 0:00:00]} 6. Qc2 {[%emt 0:00:06]} Be7 {[%emt 0:00:04]} 7. e3 {[%emt 0:00:04]} Nbd7 {[%emt 0:00:09]} 8. Bd3 {[%emt 0:00:14]} O-O {[%emt 0:00:06]} 9. Nge2 {[%emt 0:00:07]} Re8 {[%emt 0:00:04]} 10. O-O {[%emt 0:00:23]} Nf8 {[%emt 0:00:04]} 11. f3 {[%emt 0:00:06]} g6 {[%emt 0:00:03]} 12. Bh4 {[%emt 0:04:35]} Ne6 {[%emt 0:02:59]} 13. Kh1 {[%emt 0:04:39]} b5 {[%emt 0:00:30]} 14. Bf2 {[%emt 0:09:31]} Bb7 {[%emt 0:13:40]} 15. e4 {[%emt 0:06:23]} b4 {[%emt 0:19:43]} 16. Na4 {[%emt 0:00:38]} Rc8 {[%emt 0:00:13]} 17. e5 {[%emt 0:04:43]} Nd7 {[%emt 0:00:56]} 18. f4 {[%emt 0:03:23]} c5 {[%emt 0:07:03]} 19. Qd2 {[%emt 0:00:27]} Nxd4 {[%emt 0:11:29]} 20. Nxd4 {[%emt 0:01:36]} cxd4 {[%emt 0:03:33]} 21. Bxd4 {[%emt 0:01:53]} Qa5 {[%emt 0:16:42]} 22. f5 {[%emt 0:01:20]} Nxe5 {[%emt 0:17:25]} 23. Bxe5 {[%emt 0:01:36]} Bf8 {[%emt 0:00:02]} 24. Qf4 {[%emt 0:06:44]} Rxe5 {[%emt 0:02:09]} 25. Qxe5 {[%emt 0:00:09]} Qxa4 {[%emt 0:00:06]} 26. fxg6 {[%emt 0:00:09]} fxg6 {[%emt 0:00:21]} 27. Qe6+ {[%emt 0:06:42]} Kh8 {[%emt 0:00:29]} 28. Qxc8 Bxc8 {[%emt 0:00:30]} 29. Rxf8+ Kg7 {[%emt 0:00:30]} 30. Rxc8 a5 {[%emt 0:00:30]} 31. b3 Qd7 {[%emt 0:00:30]} 32. Rc2 Qg4 {[%emt 0:00:30]} 33. Rd2 h5 {[%emt 0:00:30]} 34. Rad1 h4 {[%emt 0:00:30]} 35. Be2 Qf4 {[%emt 0:00:30]} 36. h3 Qf8 {[%emt 0:00:30]} 37. Bf3 Kh6 {[%emt 0:00:30]} 38. Rd3 1-0

[Event "12th KIIT International 2019"]
[Site "Odisha"]
[Date "2019.06.03"]
[Round "5.13"]
[White "Malakhatko, Vadim"]
[Black "Suvrajit, Saha"]
[Result "0-1"]
[WhiteElo "2505"]
[BlackElo "2208"]
[Annotator "ChessBase"]
[PlyCount "93"]
[EventDate "2019.05.31"]
[EventType "swiss"]
[EventCountry "IND"]
[SourceTitle "playchess.com"]
[Source "ChessBase"]
[SourceQuality "1"]
[TimeControl "5400+30"]

1. c4 {[%emt 0:00:00]} Nf6 {[%emt 0:00:00]} 2. Nf3 {[%emt 0:00:09]} e6 {[%emt 0:00:08]} 3. g3 {[%emt 0:00:07]} b6 {[%emt 0:00:42]} 4. Bg2 {[%emt 0:00:24]} Bb7 {[%emt 0:00:08]} 5. d4 {[%emt 0:00:07]} Bb4+ {[%emt 0:00:24]} 6. Bd2 {[%emt 0:00:07]} Qe7 {[%emt 0:00:52]} 7. O-O {[%emt 0:03:43]} Bxd2 {[%emt 0:00:07]} 8. Qxd2 {[%emt 0:00:04]} O-O {[%emt 0:01:02]} 9. Nc3 {[%emt 0:00:10]} d6 {[%emt 0:02:47]} 10. d5 {[%emt 0:04:15]} e5 {[%emt 0:01:45]} 11. b4 {[%emt 0:05:42]} a5 {[%emt 0:02:32]} 12. a3 {[%emt 0:00:05]} Nbd7 {[%emt 0:00:15]} 13. Nb5 {[%emt 0:09:28]} Qd8 {[%emt 0:06:56]} 14. Nh4 {[%emt 0:03:05]} Re8 {[%emt 0:03:00]} 15. e4 {[%emt 0:00:08]} Nf8 {[%emt 0:02:05]} 16. Rfc1 {[%emt 0:14:16]} Ba6 {[%emt 0:03:10]} 17. Nf5 {[%emt 0:04:22]} h6 {[%emt 0:02:44]} 18. Ne3 {[%emt 0:06:30]} Bxb5 {[%emt 0:05:44]} 19. cxb5 {[%emt 0:00:31]} Qd7 {[%emt 0:01:10]} 20. Qe2 {[%emt 0:12:51]} Ra7 {[%emt 0:06:06]} 21. Qc4 {[%emt 0:00:09]} axb4 {[%emt 0:07:52]} 22. axb4 {[%emt 0:00:06]} Rxa1 {[%emt 0:00:03]} 23. Rxa1 {[%emt 0:00:05]} Rb8 {[%emt 0:00:30]} 24. Ra7 {[%emt 0:03:50]} Ne8 {[%emt 0:00:07]} 25. Bf3 {[%emt 0:00:09]} Qd8 {[%emt 0:03:06]} 26. Qc6 {[%emt 0:04:43]} Nh7 {[%emt 0:00:15]} 27. h4 {[%emt 0:01:44]} g6 {[%emt 0:02:32]} 28. h5 {[%emt 0:01:37]} Ng5 {[%emt 0:07:09]} 29. Bg2 {[%emt 0:00:07]} gxh5 {[%emt 0:04:14]} 30. Nf5 {[%emt 0:03:37]} Qf6 {[%emt 0:01:11]} 31. f4 {[%emt 0:05:29]} exf4 {[%emt 0:01:07]} 32. gxf4 {[%emt 0:00:06]} Nh7 {[%emt 0:00:53]} 33. Qc1 Nf8 {[%emt 0:04:41]} 34. Qe3 {[%emt 0:06:26]} Kh8 {[%emt 0:04:18]} 35. Qd4 {[%emt 0:03:16]} Ng6 {[%emt 0:03:08]} 36. Qxf6+ {[%emt 0:00:20]} Nxf6 {[%emt 0:00:02]} 37. Rxc7 {[%emt 0:02:24]} Ra8 {[%emt 0:05:18]} 38. Nxh6 {[%emt 0:03:30]} Ng4 {[%emt 0:08:48]} 39. Nxg4 {[%emt 0:02:27]} hxg4 {[%emt 0:00:01]} 40. Rxf7 {[%emt 0:00:16]} g3 {[%emt 0:00:48]} 41. Bh3 {[%emt 0:03:11]} Nh4 {[%emt 0:01:01]} 42. Kf1 {[%emt 0:00:04]} Ra2 {[%emt 0:02:07]} 43. Ke1 {[%emt 0:00:09]} Rh2 {[%emt 0:03:01]} 44. Bf1 {[%emt 0:00:05]} Nf3+ {[%emt 0:01:23]} 45. Kd1 {[%emt 0:00:04]} Rh1 {[%emt 0:00:20]} 46. Ke2 {[%emt 0:00:03]} Nd4+ {[%emt 0:00:11]} 47. Kd3 {[%emt 0:03:29]} 0-1

[Event "12th KIIT International 2019"]
[Site "Odisha"]
[Date "2019.06.03"]
[Round "5.13"]
[White "Malakhatko, Vadim"]
[Black "Suvrajit, Saha"]
[Result "*"]
[WhiteElo "2505"]
[BlackElo "2208"]
[Annotator "TA"]
[PlyCount "47"]
[EventDate "2019.05.31"]
[EventType "swiss"]
[EventCountry "IND"]
[SourceTitle "playchess.com"]
[Source "ChessBase"]
[SourceQuality "1"]

{[%evp 18,47,41,32,53,48,47,47,52,0,41,22,36,30,50,40,37,41,62,54,54,54,52,41,43,44,54,54,936,62,62,-1585]} 1. c4 Nf6 2. Nf3 e6 3. g3 b6 4. Bg2 Bb7 5. d4 Bb4+ 6. Bd2 Qe7 7. O-O Bxd2 8. Qxd2 O-O 9. Nc3 d6 10. d5 e5 {E16: Queen's Indian: 4 g3 Bb7 5 Bg2 Bb4+} 11. b4 a5 12. a3 Nbd7 13. Nb5 $146 (13. e4 $14) ({Predecessor:} 13. e4 c6 14. dxc6 Bxc6 15. Qd3 Rfc8 16. Bh3 Ne8 {0-1 (51) Leko,P (2705)-Antipov,M (2569) Moscow 2015}) 13... Qd8 14. Nh4 Re8 15. e4 Nf8 16. Rfc1 Ba6 17. Nf5 $36 {[%mdl 2048] White fights for an advantage.} h6 18. Ne3 (18. Qc3 {is more complex.} h5 19. h4 g6 20. Ne3 Ng4 21. Nd1) 18... Bxb5 19. cxb5 Qd7 20. Qe2 Ra7 21. Qc4 axb4 22. axb4 Ra5 $2 {[%mdl 8192] [#]} (22... Rxa1 $14 23. Rxa1 Rc8) 23. Ra2 $2 (23. bxa5 $18 bxa5 24. Qxc7 Qxb5 25. Rxa5) 23... Rxa2 $14 24. Ra1 $2 {[%mdl 8192] Accuracy: White = 20%, Black = 34%.} (24. Qxa2 $14 Qxb5 25. Rxc7) *

[Event "12th KIIT International 2019"]
[Site "Odisha"]
[Date "2019.06.03"]
[Round "5.14"]
[White "Rahman, Ziaur"]
[Black "Hari Madhavan N B"]
[Result "1/2-1/2"]
[WhiteElo "2481"]
[BlackElo "2093"]
[Annotator "ChessBase"]
[PlyCount "114"]
[EventDate "2019.05.31"]
[EventType "swiss"]
[EventCountry "IND"]
[SourceTitle "playchess.com"]
[Source "ChessBase"]
[SourceQuality "1"]
[TimeControl "5400+30"]

1. e4 {[%emt 0:00:00]} e6 {[%emt 0:00:00]} 2. d4 {[%emt 0:00:00]} d5 {[%emt 0:00:00]} 3. Nd2 {[%emt 0:00:00]} c5 {[%emt 0:00:00]} 4. Ngf3 {[%emt 0:00:16]} cxd4 {[%emt 0:00:25]} 5. Nxd4 {[%emt 0:03:54]} Nc6 {[%emt 0:00:17]} 6. Nxc6 {[%emt 0:02:09]} bxc6 {[%emt 0:00:09]} 7. Bd3 {[%emt 0:00:14]} Nf6 {[%emt 0:03:37]} 8. O-O {[%emt 0:00:39]} Bd6 {[%emt 0:05:19]} 9. Qe2 {[%emt 0:01:44]} Qc7 {[%emt 0:00:48]} 10. h3 {[%emt 0:00:32]} O-O {[%emt 0:00:28]} 11. c4 {[%emt 0:04:37]} Bb7 {[%emt 0:05:26]} 12. b3 {[%emt 0:02:20]} e5 {[%emt 0:12:43]} 13. Bb2 {[%emt 0:01:10]} d4 {[%emt 0:00:26]} 14. Nf3 {[%emt 0:13:42]} c5 {[%emt 0:15:06]} 15. Bc1 {[%emt 0:01:43]} Qc6 {[%emt 0:08:40]} 16. Re1 {[%emt 0:00:07]} Rfe8 {[%emt 0:00:39]} 17. Bg5 {[%emt 0:01:51]} Bc7 {[%emt 0:02:45]} 18. a3 {[%emt 0:02:05]} Ba5 {[%emt 0:03:43]} 19. b4 {[%emt 0:03:55]} cxb4 {[%emt 0:01:46]} 20. Bd2 {[%emt 0:00:26]} Qc5 {[%emt 0:05:37]} 21. axb4 {[%emt 0:06:29]} Bxb4 {[%emt 0:00:09]} 22. Bxb4 {[%emt 0:01:09]} Qxb4 {[%emt 0:00:06]} 23. Rab1 {[%emt 0:00:55]} Qe7 {[%emt 0:00:06]} 24. Nxe5 {[%emt 0:00:25]} Rad8 {[%emt 0:07:48]} 25. Ng4 {[%emt 0:04:37]} Nxg4 {[%emt 0:01:09]} 26. Qxg4 {[%emt 0:04:43]} Bc8 {[%emt 0:00:44]} 27. Qh5 {[%emt 0:01:02]} Be6 {[%emt 0:03:18]} 28. Rec1 {[%emt 0:05:00]} Qa3 {[%emt 0:02:04]} 29. Qd1 {[%emt 0:01:35]} Rc8 {[%emt 0:01:50]} 30. Qd2 {[%emt 0:04:42]} Rc7 {[%emt 0:01:46]} 31. Ra1 {[%emt 0:01:24]} Qd6 {[%emt 0:00:29]} 32. Ra5 {[%emt 0:05:17]} Rec8 {[%emt 0:00:47]} 33. e5 {[%emt 0:07:18]} Qe7 {[%emt 0:01:23]} 34. Bf1 {[%emt 0:00:21]} Bxc4 {[%emt 0:01:52]} 35. Qxd4 {[%emt 0:00:20]} Bxf1 {[%emt 0:00:44]} 36. Rxf1 {[%emt 0:00:13]} Rd7 {[%emt 0:01:16]} 37. Qe3 {[%emt 0:00:57]} h6 {[%emt 0:00:07]} 38. Rfa1 {[%emt 0:01:58]} Rcc7 {[%emt 0:00:10]} 39. g3 {[%emt 0:01:05]} Qb4 {[%emt 0:03:08]} 40. e6 {[%emt 0:01:31]} fxe6 {[%emt 0:00:22]} 41. Qxe6+ {[%emt 0:00:19]} Kh7 {[%emt 0:00:14]} 42. Ra6 {[%emt 0:01:15]} Qf8 {[%emt 0:04:30]} 43. Qe4+ {[%emt 0:01:33]} Kg8 {[%emt 0:01:19]} 44. Re6 {[%emt 0:03:10]} Re7 {[%emt 0:00:21]} 45. Rb1 {[%emt 0:02:34]} Rxe6 {[%emt 0:01:31]} 46. Qxe6+ {[%emt 0:00:06]} Qf7 {[%emt 0:00:18]} 47. Rb8+ {[%emt 0:03:47]} Kh7 {[%emt 0:00:07]} 48. Qe4+ {[%emt 0:00:52]} g6 {[%emt 0:00:07]} 49. h4 {[%emt 0:01:13]} Re7 {[%emt 0:01:33]} 50. Qb1 {[%emt 0:01:17]} h5 {[%emt 0:00:50]} 51. Qa1 {[%emt 0:01:47]} Qg7 {[%emt 0:00:04]} 52. Qb1 {[%emt 0:00:47]} Qe5 {[%emt 0:01:28]} 53. Qb3 {[%emt 0:01:01]} Qg7 {[%emt 0:00:40]} 54. Kg2 {[%emt 0:00:29]} Qf7 {[%emt 0:00:06]} 55. Qc3 {[%emt 0:00:35]} Qg7 {[%emt 0:00:20]} 56. Qc4 {[%emt 0:00:23]} Qf7 {[%emt 0:00:09]} 57. Qd4 {[%emt 0:00:16]} Qg7 {[%emt 0:00:06]} 1/2-1/2

[Event "12th KIIT International 2019"]
[Site "Odisha"]
[Date "2019.06.03"]
[Round "5.15"]
[White "Nguyen, Van Huy"]
[Black "Joshi, Govind Ballabh"]
[Result "1-0"]
[WhiteElo "2456"]
[BlackElo "2121"]
[Annotator "ChessBase"]
[PlyCount "89"]
[EventDate "2019.05.31"]
[EventType "swiss"]
[EventCountry "IND"]
[SourceTitle "playchess.com"]
[Source "ChessBase"]
[SourceQuality "1"]
[TimeControl "5400+30"]

1. d4 {[%emt 0:00:00]} d5 {[%emt 0:00:00]} 2. Nf3 {[%emt 0:00:00]} Nf6 {[%emt 0:00:00]} 3. c4 {[%emt 0:00:03]} e6 {[%emt 0:00:00]} 4. g3 {[%emt 0:00:04]} dxc4 {[%emt 0:00:00]} 5. Bg2 {[%emt 0:00:07]} a6 {[%emt 0:00:30]} 6. Ne5 {[%emt 0:00:58]} Bb4+ {[%emt 0:03:33]} 7. Nc3 {[%emt 0:00:47]} Nd5 {[%emt 0:02:21]} 8. Bd2 {[%emt 0:00:31]} Nb6 {[%emt 0:02:03]} 9. e3 {[%emt 0:03:24]} N8d7 {[%emt 0:04:48]} 10. Nxd7 {[%emt 0:03:49]} Qxd7 {[%emt 0:00:55]} 11. Ne4 {[%emt 0:02:00]} Qe7 {[%emt 0:04:44]} 12. O-O {[%emt 0:05:22]} O-O {[%emt 0:04:29]} 13. Qc2 {[%emt 0:09:59]} Bxd2 {[%emt 0:05:11]} 14. Nxd2 {[%emt 0:00:31]} e5 {[%emt 0:09:38]} 15. Nxc4 {[%emt 0:01:40]} Nxc4 {[%emt 0:01:23]} 16. Qxc4 {[%emt 0:00:06]} c6 {[%emt 0:04:09]} 17. d5 {[%emt 0:11:44]} cxd5 {[%emt 0:07:35]} 18. Qxd5 {[%emt 0:01:19]} Rd8 {[%emt 0:01:32]} 19. Qa5 {[%emt 0:00:33]} Bg4 {[%emt 0:21:50]} 20. Rac1 {[%emt 0:05:40]} Rd7 {[%emt 0:06:34]} 21. Rc5 {[%emt 0:03:03]} f6 {[%emt 0:01:05]} 22. Rfc1 {[%emt 0:02:54]} Rad8 {[%emt 0:00:38]} 23. h3 {[%emt 0:00:38]} Be6 {[%emt 0:00:42]} 24. a3 {[%emt 0:01:19]} Rd1+ {[%emt 0:10:56]} 25. Kh2 {[%emt 0:05:31]} Rxc1 {[%emt 0:00:11]} 26. Rxc1 {[%emt 0:00:05]} Rd7 {[%emt 0:00:26]} 27. Qb6 {[%emt 0:04:22]} f5 {[%emt 0:04:36]} 28. Rc5 {[%emt 0:02:32]} e4 {[%emt 0:00:34]} 29. Re5 {[%emt 0:03:03]} Rd6 {[%emt 0:00:26]} 30. Qc5 {[%emt 0:02:36]} g6 {[%emt 0:01:45]} 31. Bf1 {[%emt 0:01:25]} Kf7 {[%emt 0:01:16]} 32. Bc4 {[%emt 0:09:08]} Rc6 {[%emt 0:00:38]} 33. Bxe6+ {[%emt 0:00:48]} Rxe6 {[%emt 0:00:26]} 34. Qd5 {[%emt 0:01:27]} b6 {[%emt 0:01:05]} 35. Rxe6 {[%emt 0:01:04]} Qxe6 {[%emt 0:00:01]} 36. Qb7+ {[%emt 0:00:05]} Kg8 {[%emt 0:01:12]} 37. Qxa6 {[%emt 0:00:06]} Qb3 {[%emt 0:00:34]} 38. Qc8+ {[%emt 0:00:22]} Kf7 {[%emt 0:00:18]} 39. Qd7+ {[%emt 0:00:36]} Kf6 {[%emt 0:00:42]} 40. Qxh7 {[%emt 0:01:26]} Qc2 {[%emt 0:00:15]} 41. Qh8+ {[%emt 0:00:14]} Kf7 {[%emt 0:00:46]} 42. Kg2 {[%emt 0:00:19]} Qd1 {[%emt 0:00:32]} 43. Qd4 {[%emt 0:00:46]} Qe2 {[%emt 0:00:18]} 44. a4 {[%emt 0:00:50]} g5 {[%emt 0:00:11]} 45. b4 {[%emt 0:01:10]} 1-0

[Event "12th KIIT International 2019"]
[Site "Odisha"]
[Date "2019.06.03"]
[Round "5.16"]
[White "Swain Ashirwad"]
[Black "Kostenko, Petr"]
[Result "0-1"]
[WhiteElo "2118"]
[BlackElo "2473"]
[Annotator "ChessBase"]
[PlyCount "64"]
[EventDate "2019.05.31"]
[EventType "swiss"]
[EventCountry "IND"]
[SourceTitle "playchess.com"]
[Source "ChessBase"]
[SourceQuality "1"]
[TimeControl "5400+30"]

1. e4 {[%emt 0:00:00]} e6 {[%emt 0:00:00]} 2. d4 {[%emt 0:00:05]} d5 {[%emt 0:00:00]} 3. Nd2 {[%emt 0:00:16]} c5 {[%emt 0:00:00]} 4. exd5 {[%emt 0:01:38]} Qxd5 {[%emt 0:00:04]} 5. Ngf3 {[%emt 0:00:12]} cxd4 {[%emt 0:00:05]} 6. Bc4 {[%emt 0:00:26]} Qd7 {[%emt 0:00:05]} 7. O-O {[%emt 0:00:39]} Nc6 {[%emt 0:00:02]} 8. Nb3 {[%emt 0:00:46]} Nf6 {[%emt 0:00:07]} 9. Nbxd4 {[%emt 0:00:45]} Nxd4 {[%emt 0:00:06]} 10. Nxd4 {[%emt 0:01:24]} a6 {[%emt 0:00:06]} 11. c3 {[%emt 0:02:53]} Bd6 {[%emt 0:10:12]} 12. Qe2 {[%emt 0:08:04]} Qc7 {[%emt 0:01:02]} 13. h3 {[%emt 0:02:38]} O-O {[%emt 0:00:47]} 14. Bb3 {[%emt 0:05:32]} b5 {[%emt 0:03:54]} 15. Bg5 {[%emt 0:05:20]} Bb7 {[%emt 0:00:11]} 16. Bxf6 {[%emt 0:05:06]} gxf6 {[%emt 0:00:12]} 17. a4 {[%emt 0:17:46]} bxa4 {[%emt 0:09:42]} 18. Rxa4 {[%emt 0:01:20]} Kh8 {[%emt 0:00:05]} 19. Rc4 {[%emt 0:02:17]} Rg8 {[%emt 0:01:07]} 20. Nf3 {[%emt 0:06:22]} Qb6 {[%emt 0:34:19]} 21. Bc2 {[%emt 0:03:48]} f5 {[%emt 0:01:12]} 22. Qe3 {[%emt 0:02:50]} Qxe3 {[%emt 0:05:15]} 23. fxe3 {[%emt 0:00:02]} Rg3 {[%emt 0:01:29]} 24. e4 {[%emt 0:10:55]} Rag8 {[%emt 0:01:21]} 25. Ne1 {[%emt 0:00:50]} Rxh3 {[%emt 0:04:01]} 26. exf5 {[%emt 0:04:07]} Bd5 {[%emt 0:00:50]} 27. Rc8 {[%emt 0:01:07]} Rxc8 {[%emt 0:03:10]} 28. gxh3 {[%emt 0:00:01]} Bc5+ {[%emt 0:00:15]} 29. Kh2 {[%emt 0:00:10]} Rg8 {[%emt 0:00:13]} 30. Nf3 {[%emt 0:01:30]} Bd6+ {[%emt 0:00:07]} 31. Kh1 {[%emt 0:00:05]} Rg3 {[%emt 0:00:29]} 32. Bd1 {[%emt 0:01:11]} e5 {[%emt 0:02:28]} 0-1